000 02498cam a2200301 i 4500
001 768714001
003 CO-MdBIC
005 20231122120842.0
007 ta
008 231122t1971 -us||||| |||| 00| 0 eng d
020 _aVolumen 1: 0-226-65370-6 ; Volumen 2: 0-226-65372-2 ; Volumen 3: 0-226-65374-9 ; Volumen 4: 0-226-65376-5 ; Volumen 5: 0-226-65378-1
040 _bspa.
_aCO-MdFUSB
_cCO-MdFUSB
_dCO-MdFUSBC
_erda
041 _aspa
082 0 4 _aG 230.0902 P384g
100 1 _aPelikan, Jaroslav
245 1 0 _aThe Christian tradition : A history of the development of doctrine / Jaroslav Pelikan
_c/
264 1 _aChicago, USA : The University of Chicago Press
_bThe University of Chicago Press,
_c[1971]
264 4 _c©1971
300 _a5 volúmenes
_c;
336 _atexto
_btxt
_2rdacontent
337 _2rdamedia
_asin mediación
_bn
338 _2rdacarrier
_avolumen
_bnc
501 _aPasta dura
505 0 0 _aVolumen 1: The emergence of the Catholic tradition (100-600): Praeparatio evangelica - Fuera de la corriente principal - La fe de la iglesia católica - El misterio de la Trinidad - El personaje del Dios-Hombre - La naturaleza y la gracia - El consenso ortodoxo \ Volumen 2: The spirit of eastern Christendom (600-1700): La autoridad de los padres - Unión y división en Cristo - Imágenes de lo invisible - El desafío de la iglesia latina - La reivindicación del monoteísmo trinitario - El último florecimiento de la ortodoxia bizantina \ Volumen 3: The growth of medieval theology (600-1300): La integridad de la tradición católica - Más allá de la síntesis agustiniana - El plan de salvación - La comunicación de la gracia - La única y verdadera fe - Summa theolgica \ Volumen 4: Reformation of church and dogma (1300-1700): Pluralismo doctrinal en la edad media más tarde - ¿Una, santa, católica y apostólica? - El evangelio como el tesoro de la iglesia - La palabra y la voluntad de Dios - La definición de la particularidad católica romana - Desafíos a la continuidad apostólica - La dogmática confesional en una cristiandad dividida \ Volumen 5: Christian doctrine and modern culture (since 1700): La crisis de la ortodoxia en el oeste y el este - La objetividad de la revelación trascendente - La teología del corazón - Fundamentos de la visión cristiana del mundo - La definición de la doctrina - La sobernost del cuerpo de cristo
650 7 _aTeología dogmática
_2embne
_96938
_vHistoria
942 _cBK
945 _aJohan1477
999 _c45370
_d45370